|
|
|
|
| LEADER |
00000ny a22000003n 4500 |
| 005 |
20110609113119.0 |
| 008 |
100514s2009 ck 000 0 spa d |
| 020 |
|
|
|a 9789586485869
|
| 035 |
|
|
|a 4834
|
| 040 |
|
|
|a BUS
|d vLex
|
| 090 |
|
|
|c 599
|d 599
|
| 100 |
1 |
|
|a Delgado Ballester, Elena
|
| 245 |
0 |
0 |
|a Marketing
|h [Recurso electrn̤ico]
|b Fundamentos cientf̕icos y Empresariales /
|c Elena Delgado Ballester ; Miguel Hernǹdez Espallardo
|
| 256 |
|
|
|a Servicio en ln̕ea
|
| 260 |
|
|
|a [Colombia] :
|b ECOE,
|c 2009
|
| 506 |
1 |
|
|a Contenido solo disponible en los productos indicados
|d vLex Global
|d vLex Global (Academic Edition, excluding Law Schools)
|d vLex Global (U.S. Academic Edition, Law Schools)
|d vLex Global (U.S. Academic Edition, excluding Law Schools)
|d vLex Global (Academic Edition, Law Schools)
|
| 650 |
0 |
4 |
|a Marketing
|
| 700 |
1 |
|
|a Hernǹdez Espallardo, Miguel,
|e coaut.
|
| 740 |
0 |
|
|a vLex Libros (Servicios en ln̕ea)
|
| 856 |
4 |
0 |
|u http://vlex.com/source/4834
|z Acceso restringido
|
| 942 |
|
|
|c BOOK
|
| 999 |
0 |
|
|a Marketing
|b Colombia
|